Southville International School and Colleges
Your cart is empty.
  • Cart
  • Lists
    Public lists Eva Luna New books Lux_list list_1
    Your lists Log in to create your own lists
  • Log in to your account
  • Your cookies
  • Search history
Southville International School and Colleges
  • Advanced search
  • Recent comments
  • Most popular
  • Libraries

Log in to your account

Log in with GOOGLE


If you do not have an external account, but do have a local account, you can still log in:

  1. Home
  2. MARC view: Selected poems of Emily Dickinson /
Normal view MARC view ISBD view

Selected poems of Emily Dickinson / (Record no. 9777)

[ view plain ]
MARC details
000 -LEADER
fixed length control field 00526nam a22001937a 4500
003 - CONTROL NUMBER IDENTIFIER
control field PILC
005 - DATE AND TIME OF LATEST TRANSACTION
control field 20151029090313.0
008 - FIXED-LENGTH DATA ELEMENTS--GENERAL INFORMATION
fixed length control field 130829t xxu||||| |||| 00| 0 eng d
020 ## - INTERNATIONAL STANDARD BOOK NUMBER
International Standard Book Number 0812523385
050 ## - LIBRARY OF CONGRESS CALL NUMBER
Classification number PS 1541
Item number .D553 1993
082 ## - DEWEY DECIMAL CLASSIFICATION NUMBER
Classification number HS 809.1
Item number D55 1993
100 ## - MAIN ENTRY--PERSONAL NAME
Personal name Dickinson, Emily
9 (RLIN) 15026
245 ## - TITLE STATEMENT
Title Selected poems of Emily Dickinson /
Statement of responsibility, etc Emily Dickinson.
260 ## - PUBLICATION, DISTRIBUTION, ETC. (IMPRINT)
Place of publication, distribution, etc New York :
Name of publisher, distributor, etc Tom Doherty Associates,
Date of publication, distribution, etc 1993.
300 ## - PHYSICAL DESCRIPTION
Extent 79 p. ;
Dimensions 18 cm.
630 ## - SUBJECT ADDED ENTRY--UNIFORM TITLE
Uniform title Poetry
9 (RLIN) 15027
942 ## - ADDED ENTRY ELEMENTS (KOHA)
Source of classification or shelving scheme Library of Congress Classification
Koha item type Books
Holdings
Withdrawn status Lost status Source of classification or shelving scheme Damaged status Home library Current library Shelving location Date acquired Total Checkouts Full call number Barcode Date last seen Copy number Price effective from Koha item type
    Library of Congress Classification   Luxembourg Library Luxembourg Library High School Section 08/29/2013   PS 1541 .D553 1993 5959 07/27/2017 1 08/29/2013 Books

Selected poems of Emily Dickinson /

APA

Dickinson E., . (1993). Selected poems of Emily Dickinson. New York: Tom Doherty Associates.

Chicago

Dickinson Emily, . 1993. Selected poems of Emily Dickinson. New York: Tom Doherty Associates.

Harvard

Dickinson E., . (1993). Selected poems of Emily Dickinson. New York: Tom Doherty Associates.

MLA

Dickinson Emily, . Selected poems of Emily Dickinson. New York: Tom Doherty Associates. 1993.

  • Place hold
  • Print
  • Cite
  • Add to your cart (remove)
  • Save record
    BIBTEX Dublin Core MARCXML MARC (non-Unicode/MARC-8) MARC (Unicode/UTF-8) MARC (Unicode/UTF-8, Standard) MODS (XML) RIS
  • More searches
    Search for this title in:
    Other Libraries (WorldCat) Other Databases (Google Scholar) Online Stores (Bookfinder.com) Open Library (openlibrary.org)

Exporting to Dublin Core...

SOUTHVILLE LIBRARY

Southville International School and Colleges Library

1281 Tropical Ave. Cor. Luxembourg St., BF Homes International, Las Pinas City

Tel. No. 8256374 / 252358 Loc. 117/146

Powered by Koha